[Event "IOM Open-Masters 2017"]
[Site "Douglas"]
[Date "2017.09.23"]
[Round "1"]
[White "Shvayger, Yuliya"]
[Black "Swapnil, S. Dhopade"]
[Result "0-1"]
[WhiteElo "2442"]
[BlackElo "2532"]
[Annotator "TA"]
[PlyCount "94"]
[EventDate "2017.??.??"]
[EventType "swiss"]
[EventCountry "GBR"]
[SourceTitle "playchess.com"]
[Source "ChessBase"]
[SourceQuality "1"]

{[%evp 19,94,27,32,12,20,-30,13,-100,-91,-95,-89,-93,-79,-89,-89,-127,-99,-104,-77,-104,-108,-114,-108,-127,-133,-233,-220,-220,-220,-245,-233,-264,-202,-202,-202,-209,-211,-198,-215,-203,-195,-199,-192,-199,-195,-276,-267,-275,-278,-275,-275,-411,-364,-418,-412,-385,-405,-396,0,-210,0,-374,-387,-381,-357,-373,-368,-382,-372,-510,-412,-816,-816,-885,-852,-2156,-2007]} 1. e4 c6 2. Nc3 d5 3. Nf3 Nf6 4. e5 Ne4 5. Ne2 Qb6 6. d4 {B11: Caro-Kann: Two Knights Variation} e6 7. Nfg1 (7. Ng3 c5 8. Bd3 Nc6 9. Nxe4 dxe4 10. Bxe4 cxd4 11. O-O Bd7 12. a3 h6 13. Re1 {1-0 (71) Short,N (2675)-Caruana,F (2827) Caleta 2017}) 7... f6 8. f3 Ng5 9. exf6 gxf6 10. f4 Ne4 {LiveBook: 15 Games} 11. Ng3 Bd7 12. Nf3 c5 13. Bd3 {[#]} (13. Nxe4 $11 {remains equal.} dxe4 14. Nd2) 13... Nxg3 $1 $17 14. hxg3 {[#]} Nc6 $146 15. c3 O-O-O {[%cal Rc5d4]} 16. Qb3 Qc7 17. Bb5 Be8 {[%cal Bd7e8,Be8g6,Bg6e4][%mdl 32]} 18. Bxc6 Qxc6 (18... Bxc6 {looks sharper.} 19. Qc2 Bd6 20. Qe2 Qg7 21. dxc5 Bxc5 22. Rh3 Bd7) 19. Be3 c4 20. Qd1 Bg6 21. O-O Bd6 22. b4 (22. Re1 $17 {was necessary.}) 22... Rdg8 $19 23. Bf2 h5 24. Re1 Be4 25. Nh4 Rg4 26. Rxe4 dxe4 27. d5 Qxd5 28. Qxd5 exd5 29. Rd1 Bc7 30. Rxd5 Bb6 31. Bxb6 axb6 {[%mdl 4096] Endgame KRR-KRN} 32. Rd4 (32. Nf5 $142) 32... Rxg3 33. Rxc4+ Kb8 34. Nf5 Rd3 35. a4 (35. Rxe4 $142 Rxc3 36. Nd6) 35... Re8 {Hoping for ...e3.} 36. Ng7 Rd1+ 37. Kh2 Rg8 38. Nf5 Re8 (38... Rd2 $142 39. Rxe4 Rdxg2+ 40. Kh3 Rg1) 39. Ng7 $1 {[%cal Rg7e8]} Rg8 $2 (39... Re7 {White must now prevent ...e3.} 40. Nf5 Re8 41. Ng7) 40. Nf5 Rd2 41. Rxe4 Rdxg2+ 42. Kh3 Rg1 {[%cal Rg1h1]} 43. Kh2 Rc1 44. c4 Rd8 45. Ne3 (45. Kg3 $142) 45... Re1 {Black is clearly winning.} 46. Kg2 h4 {[%cal Bh5h4,Bh4h3][%mdl 32]} 47. Kf2 {[#]} h3 $1 {[%mdl 512] Precision: White = 45%, Black = 78%.} 0-1

[Event "IOM Open-Masters 2017"]
[Site "Douglas"]
[Date "2017.09.23"]
[Round "1"]
[White "Trent, Lawrence"]
[Black "Lampert, Jonas"]
[Result "0-1"]
[WhiteElo "2427"]
[BlackElo "2514"]
[Annotator "TA"]
[PlyCount "96"]
[EventDate "2017.??.??"]
[EventType "swiss"]
[EventCountry "GBR"]
[SourceTitle "playchess.com"]
[Source "ChessBase"]
[SourceQuality "1"]

{[%evp 15,96,16,24,20,17,0,16,10,16,20,27,14,16,7,13,9,8,11,12,7,15,0,0,0,0,0,0,0,6,0,0,0,0,0,0,0,0,0,5,0,0,0,0,0,0,0,0,0,0,0,0,0,0,0,0,0,0,0,0,0,0,0,0,0,0,0,0,0,0,-622,-656,-843,-835,-12838,-12839,-12839,-12839,-12840,-12840,-12842,-12841,-12842,-12843]} 1. e4 e5 2. Nf3 Nc6 3. Bb5 a6 4. Ba4 g6 5. c3 d6 6. d4 Bd7 7. dxe5 Nxe5 {C76: Ruy Lopez: Deferred Steinitz: 5 c3 Bd7 6 d4 g6} 8. Nxe5 dxe5 {LiveBook: 8 Games} 9. Be3 Nf6 {The position is equal.} 10. Nd2 (10. f3 {is more complex.} Bxa4 11. Qxa4+ Qd7 12. Qxd7+ Nxd7 13. Nd2) 10... Bxa4 $146 ({Predecessor:} 10... b5 11. Bb3 Bd6 12. Qf3 h6 13. a4 Rb8 14. axb5 axb5 15. O-O {1-0 (36) Sutovsky,E (2650)-Rodshtein,M (2701) Poikovsky 2017}) 11. Qxa4+ Qd7 12. Qxd7+ Nxd7 13. Nc4 Bc5 14. Bxc5 Nxc5 15. O-O-O f6 16. f3 Ke7 17. Na5 Rab8 18. Rd5 Ne6 19. Rhd1 Rhd8 20. b4 (20. Rxd8 {looks sharper.} Nxd8 21. a4 h5 22. Nc4 Nf7 23. b4) 20... Rxd5 21. Rxd5 $11 {[%mdl 4096] Endgame KRN-KRN} Nd8 22. a4 {[%cal Ba2a4,Ba4a5][%mdl 32]} b6 23. Nc4 Ne6 24. a5 b5 25. Ne3 c6 26. Rd2 Rf8 27. Ng4 h5 28. Nf2 c5 29. Nd3 Rc8 30. Kd1 c4 31. Nf2 Rf8 32. g3 h4 33. Ke2 Rh8 34. Ng4 hxg3 35. hxg3 Rh1 36. Rd1 Rh8 37. Kf2 Ng5 38. Kg2 Ke6 39. Ne3 f5 40. exf5+ gxf5 41. Nd5 Rh7 42. Kf2 $2 {[%mdl 8192] [#]} (42. Ne3 $11) 42... Rd7 $19 {Black is clearly winning.} 43. Ne3 {Black should prevent Rxd7.} f4 44. Rxd7 fxe3+ ({And not} 44... Kxd7 45. gxf4 Nh3+ 46. Ke2 $11) 45. Kxe3 Kxd7 46. f4 exf4+ 47. gxf4 Nh7 48. f5 Kd6 {Precision: White = 50%, Black = 79%.} 0-1

[Event "IOM Open-Masters 2017"]
[Site "Douglas"]
[Date "2017.09.23"]
[Round "1"]
[White "Sundararajan, Kidambi"]
[Black "Zumsande, Martin"]
[Result "1/2-1/2"]
[WhiteElo "2426"]
[BlackElo "2471"]
[Annotator "TA"]
[PlyCount "99"]
[EventDate "2017.??.??"]
[EventType "swiss"]
[EventCountry "GBR"]
[SourceTitle "playchess.com"]
[Source "ChessBase"]
[SourceQuality "1"]

{[%evp 29,99,0,6,4,19,20,14,18,29,13,81,70,77,69,65,6,14,12,25,27,88,92,67,45,102,111,121,126,139,129,129,129,129,135,147,145,145,129,124,123,139,67,87,87,83,79,76,70,67,63,61,8,12,8,33,0,0,0,0,0,0,0,0,0,0,0,8,0,0,0,8,0]} 1. c4 e6 2. g3 d5 3. Nf3 Nf6 4. Bg2 Be7 5. O-O O-O 6. b3 b6 7. Bb2 Bb7 8. e3 dxc4 9. bxc4 c5 10. Nc3 Nc6 11. Qe2 Qc7 12. Nb5 Qc8 13. Rac1 a6 14. Nc3 Rd8 15. Rfd1 Qc7 16. d4 {A14: English Opening: 1...e6 with b3 by White} (16. Ba1 Rab8 17. Na4 Ba8 18. d4 Qa7 19. Ng5 h6 20. Ne4 Nxe4 21. Bxe4 Na5 22. d5 b5 23. cxb5 axb5 {1-0 (34) Kramnik,V (2760)-Mista,A (2616) Doha 2014}) 16... cxd4 17. exd4 {White wants to play d5.} Na5 18. Nb1 Rac8 {[%cal Ra5c4]} 19. Nbd2 {[#]} b5 $146 (19... Re8 $11 {keeps the balance.}) ({Predecessor:} 19... Re8 20. Bh3 Rcd8 21. Bg2 Rc8 22. Bh3 Rcd8 23. Bg2 {½-½ (21) Dizdar,G (2565)-Ragger,M (2540) Austria 2009}) 20. cxb5 Qb6 21. a4 Bb4 22. Nc4 (22. d5 $14) 22... Nxc4 $11 23. Rxc4 Rxc4 24. Qxc4 Nd5 (24... Bf8 $11 {remains equal.}) 25. Rc1 $16 axb5 26. Qxb5 Qxb5 ({Better is} 26... f6 $14) 27. axb5 f6 28. Ne1 Rc8 {[#] Strongly threatening ...Rxc1.} 29. Nd3 Rxc1+ 30. Bxc1 Ba5 31. Ba3 Kf7 32. Nc5 Bc8 33. Ne4 Bd7 34. Nd6+ Kg8 35. Nb7 (35. h4 $16) 35... Bb6 36. Bc5 Bxc5 37. Nxc5 Bxb5 38. Nxe6 {[%mdl 4096] Endgame KBN-KBN} Nc3 39. Bf1 Kf7 40. Nc5 (40. Nf4 $1 $14) 40... Ke7 41. f3 f5 42. Kf2 (42. Nd3 {feels hotter.} Kd6 43. Kf2 g6 44. Ke3 g5 45. Be2) 42... Bxf1 {The position is equal.} 43. Kxf1 $11 {KN-KN} Nb5 44. Nb3 Kd6 45. Ke2 Kd5 46. Kd3 g5 47. Ke3 Kc4 48. Na5+ Kd5 49. Nb3 Kc4 50. Na5+ {Precision: White = 54%, Black = 51%.} 1/2-1/2

[Event "IOM Open-Masters 2017"]
[Site "Douglas"]
[Date "2017.09.23"]
[Round "1"]
[White "Zatonskih, Anna"]
[Black "Rathnakaran, K."]
[Result "1-0"]
[WhiteElo "2424"]
[BlackElo "2326"]
[Annotator "TA"]
[PlyCount "77"]
[EventDate "2017.??.??"]
[EventType "swiss"]
[EventCountry "GBR"]
[SourceTitle "playchess.com"]
[Source "ChessBase"]
[SourceQuality "1"]

{[%evp 9,77,27,35,29,40,45,54,47,50,10,41,10,74,62,106,106,120,122,129,110,100,79,118,122,166,155,147,152,147,156,145,158,115,88,88,59,95,83,86,74,74,74,74,74,78,78,122,122,122,122,219,215,212,216,242,0,83,0,259,249,223,125,240,202,648,264,483,462,710,622]} 1. d4 Nf6 2. Nf3 c5 3. e3 g6 4. dxc5 Bg7 5. a3 Ne4 $146 ({Vorgänger:} 5... a5 6. Nc3 Na6 7. e4 Nxc5 8. e5 Ng4 9. Bf4 Ne6 10. Bg3 Nh6 11. Bd3 Nc5 {0-1 (63) Khismatullin,D (2679)-Ponkratov,P (2624) Khanty-Mansiysk 2014}) 6. Qd5 {A48: Königsindisch (ohne c2-c4)} f5 7. Nbd2 e6 8. Qc4 {Weiß steht etwas besser.} Nxd2 9. Nxd2 O-O 10. Be2 a5 (10... b6 $11 {hält das Gleichgewicht.}) 11. Rb1 Nc6 12. b4 Ne5 13. Qb3 a4 14. Qa2 b6 15. Bb2 {zielt auf Da1 ab.} bxc5 16. Qa1 d6 17. f4 $1 {[%cal Rf4e5]} Bb7 18. O-O {Und weiter mit bxc5 wäre nett.} Bh6 19. bxc5 Ng4 20. Bxg4 fxg4 21. cxd6 Qxd6 22. Rf2 Qc6 23. Bd4 Rf7 24. Rb6 Qxc2 25. Nf3 $1 Qf5 26. Ne5 Rc7 27. Qd1 $1 Rac8 28. Nxg4 Bf8 29. Bb2 $36 {[%mdl 2048] h3 ist eine echte Drohung. Schwarz muss aufpassen.} h5 (29... Qa5 $16 {kämpft weiter.} 30. Rxe6 Bg7) 30. Nf6+ $18 Kf7 {Weiss muss nun ...Lc5 beachten.} 31. Nh7 $1 {Und Dd4 würde nun gewinnen.} Kg8 32. Nf6+ $2 (32. Nxf8 $18 {ist der präzise Gewinnweg.} Rxf8 33. Be5 (33. Qxa4 Qd3 $18)) 32... Kf7 $16 {Droht ...Lc5 und aus.} 33. Nh7 $2 (33. Rd2 $1 $16 {[%cal Rd2d7]} Ba8 34. Nh7 (34. Qxa4 Bc5 $11)) 33... Kg8 $1 $18 {[%cal Rg8h7]} 34. Nxf8 Rxf8 35. Qd4 ({Besser ist} 35. Rb4 $18) 35... Kh7 {[#]} (35... Qb1+ $16 {war nötig.} 36. Rf1 Qe4 37. Qh8+ Kf7 38. Qf6+ Kg8 39. Qxe6+ Qxe6 40. Rxe6 Rc6 41. Rxc6 Bxc6) 36. h3 $1 Qa5 $2 (36... Qe4 37. Qxe4 Bxe4 38. Rxe6 Bf5) 37. Rb4 (37. f5 $142 {Beabsichtigt fxg6+ und Matt.} gxf5 {[#]} 38. Qd1 $1 {[%mdl 512]}) 37... Bd5 $2 (37... Rcf7 {war einen Versuch wert.} 38. Qd6 Re8) 38. Qe5 Ra7 (38... Qa7 $142 39. Bd4 Rc1+ 40. Rf1 Rxf1+ 41. Kxf1 Qd7 42. Rxa4 Rd8) 39. Bd4 {Precision: Weiß = 69%, Schwarz = 25%.} 1-0

[Event "IOM Open-Masters 2017"]
[Site "Douglas"]
[Date "2017.09.23"]
[Round "1"]
[White "Rakesh, Kumar Jena"]
[Black "Woellermann, Jan"]
[Result "0-1"]
[WhiteElo "2418"]
[BlackElo "2384"]
[Annotator "TA"]
[PlyCount "56"]
[EventDate "2017.??.??"]
[EventType "swiss"]
[EventCountry "GBR"]
[SourceTitle "playchess.com"]
[Source "ChessBase"]
[SourceQuality "1"]

{[%evp 17,56,-24,-16,-24,1,6,31,-43,-35,-39,-50,-135,-104,-112,-97,-104,-97,-134,-126,-141,-135,-142,-142,-140,-140,-227,-216,-213,-222,-259,-133,-381,-376,-425,-424,-335,-298,-284,-259,-246,-211]} 1. Nf3 d5 2. g3 g6 3. Bg2 Bg7 4. O-O e5 5. c4 c6 6. cxd5 cxd5 7. Qa4+ {A07: Réti Opening: New York and Capablanca Systems} (7. d3 Ne7 8. e4 O-O 9. Nc3 dxe4 10. dxe4 Nbc6 11. Qb3 Be6 12. Qxb7 Qa5 13. b4 Qxb4 14. Qxb4 Nxb4 {0-1 (38) Hera,I (2526)-Predojevic,B (2641) Nova Gorica 2008}) 7... Nc6 8. d4 e4 9. Ne5 Nge7 {LiveBook: 3 Games} 10. Bg5 Qa5 $146 ({Predecessor:} 10... f6 11. Nxc6 Nxc6 12. Bd2 O-O 13. e3 Be6 14. b4 a6 {1-0 (38) Von Herman,U (2341)-Johansson,G (2205) Kreuzberg 2016}) 11. Qxa5 Nxa5 12. Bxe7 (12. Nc3 $14) 12... Kxe7 $15 13. Nc3 Be6 14. f3 ({White should play} 14. b4 $1 $15) 14... f6 $36 {[%cal Bf7f6,Bf6f5][%mdl 2080] White is under strong pressure.} 15. Ng4 f5 16. Ne5 Bxe5 17. dxe5 Nc4 18. f4 a6 $1 19. Rfc1 Rac8 20. b3 Ne3 21. Kf2 (21. Na4 $17 {was necessary.}) 21... d4 $19 22. Na4 Nc2 $1 {[%cal Rc2a1]} 23. Rab1 Rc6 (23... b5 $19 24. Nb2 Nb4) 24. Rb2 $2 {[#]} (24. Nb6 $17) 24... Rhc8 $1 25. Nb6 {[#]} R8c7 $1 26. Nc4 {[#]} Na3 $1 {[%mdl 512] Threatens to win with ...b5.} 27. Rd1 (27. Nxa3 e3+) 27... Nxc4 28. bxc4 Rxc4 {Precision: White = 38%, Black = 85%.} 0-1

[Event "IOM Open-Masters 2017"]
[Site "Douglas"]
[Date "2017.09.23"]
[Round "1"]
[White "Tarjan, James"]
[Black "Salomon, Johan"]
[Result "1/2-1/2"]
[WhiteElo "2412"]
[BlackElo "2476"]
[Annotator "TA"]
[PlyCount "146"]
[EventDate "2017.??.??"]
[EventType "swiss"]
[EventCountry "GBR"]
[SourceTitle "playchess.com"]
[Source "ChessBase"]
[SourceQuality "1"]

{[%evp 10,146,8,0,0,0,-2,3,0,0,3,-2,5,0,-19,-26,-28,-24,0,-36,-31,-25,-29,-45,-54,-45,0,-42,0,-12,2,0,0,0,26,29,81,70,76,90,80,0,8,8,8,0,0,0,0,-5,0,-9,0,0,0,0,0,0,0,0,0,0,22,14,7,0,2,0,15,24,35,-8,-8,-7,-8,-8,0,0,0,0,0,0,0,0,0,-8,-8,-24,-33,-43,-58,-38,-40,-58,0,-51,0,0,0,0,0,0,0,0,0,0,0,0,0,0,0,0,0,0,0,0,0,0,0,0,0,0,0,0,8,0,0,0,0,0,0,0,0,-15,0,0,0,0,0]} 1. c4 e5 2. g3 c6 3. d4 e4 4. Bg2 d5 5. cxd5 cxd5 6. Nh3 {LiveBook: 4 Games. A20: English Opening: 1...e5} Bb4+ 7. Bd2 (7. Nc3 Nf6 8. O-O O-O 9. Qb3 Bxc3 10. bxc3 h6 11. f3 exf3 12. exf3 Nc6 13. g4 Na5 {½-½ (115) Petrosian,T (2643)-Hovhannisyan,R (2600) Dubai 2012}) 7... Bxd2+ 8. Qxd2 Nf6 9. Nc3 O-O 10. O-O $146 ({Predecessor:} 10. f3 exf3 11. exf3 Re8+ 12. Kf2 Bxh3 13. Bxh3 Nc6 {0-1 (35) Troyke,C (2344)-Janssen,R (2479) Germany 2016}) 10... Re8 11. f3 e3 12. Qc2 Nc6 13. Rad1 Qd6 14. f4 Bg4 15. Ng5 {[%cal Bh3g5,Bg5f3,Bf3e5,Be5c4][%mdl 32]} Rad8 16. h3 Bc8 17. Kh2 g6 18. Nf3 Bf5 19. Qa4 Ne4 20. Ne5 Nxc3 21. bxc3 Ne7 22. c4 dxc4 (22... h5 $11 {remains equal.}) 23. Nxc4 $16 Qd7 24. Qxd7 Bxd7 25. Nxe3 (25. Nd6 $16) 25... Bb5 $36 {[%mdl 2048] Black is pushing.} 26. Rfe1 Nc6 27. Nd5 {[#] Threatens to win with Nf6+.} Rxe2 28. Rxe2 Bxe2 29. Rd2 Bc4 30. Ne3 Bb5 31. d5 {[#] Black must now prevent Rb2.} Na5 32. Kg1 Nc4 33. Nxc4 Bxc4 $11 {[%mdl 4096] Endgame KRB-KRB} 34. Kf2 Kf8 35. d6 Ba6 36. Ke3 f5 37. Rd5 Bc4 38. Rd2 Ba6 39. g4 Ke8 40. g5 Kd7 41. Bd5 Re8+ 42. Kf2 Rc8 43. h4 b6 44. Rd4 $1 Bb5 45. Bf7 Rf8 46. Bb3 a5 47. Kg3 Bc6 48. h5 b5 ({Of course not} 48... gxh5 $6 49. Kh4 $14) 49. hxg6 hxg6 50. a3 $1 Be4 {And now ...a4 would win.} 51. Kf2 Rh8 (51... a4 $15 52. Ba2 Rc8) 52. Ke1 (52. Bf7 $11) 52... Rh7 (52... a4 $15 53. Bf7 Rh3 54. Bxg6 Rxa3) 53. Kd2 {The position is equal.} Rh2+ 54. Kc3 Rh3+ 55. Kb2 Rh2+ 56. Kc3 Rf2 57. Be6+ Kd8 $1 ({Avoid the trap} 57... Kxe6 $2 58. d7 $18) 58. Rd1 Rxf4 59. Rd2 {Hoping for Rh2.} Rh4 60. Kd4 Bc6+ 61. Kc5 Bd7 62. Bf7 f4 63. Bxg6 {Black should prevent Be4.} Rg4 64. Be4 {Rg2 is the strong threat.} Rxg5+ 65. Kd4 Rg3 66. Rf2 Rg4 67. Ke5 Rh4 68. Rg2 {Intending Rg8+ and mate.} Rh5+ 69. Kd4 {Threatening mate with Rg8+.} Rh8 70. Rf2 Rh6 71. Ke5 Re6+ 72. Kd5 Rf6 73. Ke5 Re6+ {Precision: White = 63%, Black = 61%.} 1/2-1/2

[Event "IOM Open-Masters 2017"]
[Site "Douglas"]
[Date "2017.09.22"]
[Round "1"]
[White "Cornette, Deimante"]
[Black "Leko, Peter"]
[Result "0-1"]
[WhiteElo "2404"]
[BlackElo "2679"]
[Annotator "TA"]
[PlyCount "72"]
[EventDate "2017.??.??"]
[EventType "swiss"]
[EventCountry "GBR"]
[SourceTitle "playchess.com"]
[Source "ChessBase"]
[SourceQuality "1"]

{[%evp 21,72,9,3,-22,-7,-2,-5,-9,-7,-20,0,-32,-29,-44,-41,-117,-107,-135,-122,-147,-123,-126,-124,-114,-85,-125,-121,-119,-135,-105,-40,-131,-125,-114,-38,-77,-87,-127,-64,-128,-128,-298,-197,-207,-212,-211,-227,-210,-214,-1066,-1058,-1397,-1386]} 1. e4 e5 2. Nf3 Nc6 3. Bc4 Bc5 4. O-O Nf6 5. d3 O-O 6. a4 a6 7. c3 d6 8. Bg5 {[%cal Bc1g5,Bg5h4,Bh4g3][%mdl 32] C54: Giuoco Piano: 4 c3 Nf6, main lines with 5 d4 and 5 d3} h6 9. Bh4 g5 10. Bg3 Ba7 11. Nbd2 Nh7 {LiveBook: 7 Games} 12. d4 $146 {[%cal Rd4e5]} ({Predecessor:} 12. h3 h5 13. d4 exd4 14. Nxd4 {0-1 (27) Topalov,V (2760)-So,W (2794) London 2016}) 12... exd4 13. Nxd4 Nxd4 14. cxd4 Bxd4 15. Qc2 Kh8 16. Nb3 Bg7 17. Rad1 f5 {aiming for ...f4.} 18. f4 {[#]} (18. f3 $15) 18... fxe4 $1 $17 19. fxg5 Qxg5 (19... Nxg5 20. h4 $15) 20. Qxe4 {Hoping for Bd3.} Nf6 21. Qc2 Bg4 22. Rde1 Nh5 23. h4 Bf5 24. hxg5 Bxc2 25. gxh6 Bxh6 (25... Nxg3 $6 26. hxg7+ Kxg7 27. Rxf8 $11) (25... Bxb2 $17 26. Bf2 Nf4 27. Bd4+ Bxd4+ 28. Nxd4 d5 29. Bxd5 Nxd5 30. Nxc2 Kh7 31. Rxf8 Rxf8) 26. Bh4 (26. Bf2 $15) 26... Bg7 27. Na5 Nf6 (27... Bd4+ $17 28. Kh1 Rxf1+ 29. Rxf1 Re8 30. Nxb7 Re4) 28. Re7 Ng4 ({But not} 28... Bxa4 29. Rf3 $11) 29. Rff7 Rxf7 (29... Bd4+ $17 30. Kh1 Nh6 31. Rxf8+ Rxf8 32. Nxb7 Nf5) 30. Bxf7 (30. Rxf7 $15 b6 31. Nb7) 30... Rf8 31. Rxc7 $2 (31. Nxb7 $17 {was called for.} Bd4+ 32. Kh1) 31... Bg6 ({Less strong is} 31... Bxb2 32. Nc4 $17) (31... Bxa4 32. Nxb7 Bd4+ 33. Kh1 $15) 32. Bc4 Bd4+ ({Weaker is} 32... Bxb2 33. Nxb7 d5 34. Bxa6 $17) 33. Kh1 Bb6 34. Rxb7 Bxa5 35. Be7 $2 (35. Bxa6 Be4 36. Rb3) 35... Rc8 $19 36. b3 {[#]} d5 $1 {Precision: White = 25%, Black = 68%.} 0-1

[Event "IOM Open-Masters 2017"]
[Site "Douglas"]
[Date "2017.09.23"]
[Round "1"]
[White "Kojima, Shinya"]
[Black "Dahl, Baard"]
[Result "1-0"]
[WhiteElo "2403"]
[BlackElo "1974"]
[Annotator "ChessBase"]
[PlyCount "57"]
[EventDate "2017.??.??"]
[EventType "swiss"]
[EventCountry "GBR"]
[SourceTitle "playchess.com"]
[Source "ChessBase"]
[SourceQuality "1"]
[TimeControl "40/6000+30:20/3000+30:900+30"]

1. Nf3 Nf6 2. c4 c5 3. Nc3 d5 4. cxd5 Nxd5 5. e4 Nb4 6. Bc4 Nd3+ 7. Ke2 Nf4+ 8. Kf1 Nd3 9. Qe2 Nxc1 10. Rxc1 a6 11. h4 e6 12. e5 b5 13. Bd3 Nc6 14. Rh3 Bb7 15. Ng5 Be7 16. Bxh7 Bxg5 17. hxg5 Qxg5 18. Ne4 Qxe5 19. Rxc5 Qd4 20. Rcc3 Ne5 21. f4 Nc4 22. Rcd3 Qxb2 23. Nc5 Bd5 24. Rxd5 Rxh7 25. Rxh7 Qb1+ 26. Kf2 Qxh7 27. Nxe6 Qh4+ 28. Kf1 Ra7 29. Nc7+ 1-0

[Event "IOM Open-Masters 2017"]
[Site "Douglas"]
[Date "2017.09.23"]
[Round "1"]
[White "Eggleston, David J"]
[Black "Pranav, V."]
[Result "1-0"]
[WhiteElo "2400"]
[BlackElo "2372"]
[Annotator "ChessBase"]
[PlyCount "109"]
[EventDate "2017.??.??"]
[EventType "swiss"]
[EventCountry "GBR"]
[SourceTitle "playchess.com"]
[Source "ChessBase"]
[SourceQuality "1"]
[TimeControl "40/6000+30:20/3000+30:900+30"]

1. e4 e5 2. Nf3 Nc6 3. Bb5 a6 4. Ba4 d6 5. c3 Bd7 6. d4 g6 7. O-O Bg7 8. Re1 Nge7 9. d5 Na5 10. b4 Nc4 11. Bb3 b5 12. Bxc4 bxc4 13. Nbd2 O-O 14. Nxc4 f5 15. a4 fxe4 16. Ng5 Bf5 17. Nxe4 Bxe4 18. Rxe4 Qc8 19. Ne3 Qb7 20. Rb1 Rf4 21. f3 Rxe4 22. fxe4 Rf8 23. Ng4 c6 24. c4 cxd5 25. cxd5 h5 26. Nf2 Qb6 27. Qe2 Nc8 28. b5 axb5 29. axb5 Qa5 30. Be3 Nb6 31. Qc2 Bf6 32. Nd3 Bd8 33. h3 Qa3 34. Qb3 Qa5 35. Kh2 Rf7 36. Nb4 Bc7 37. Nc6 Qa8 38. Kg1 Kg7 39. Rc1 Kh7 40. Nxe5 dxe5 41. d6 Qg8 42. Rxc7 Nd7 43. Qd5 Qf8 44. b6 g5 45. b7 g4 46. Qxf7+ Qxf7 47. Rxd7 Qxd7 48. b8=Q gxh3 49. Qc7 Qxc7 50. dxc7 hxg2 51. c8=Q Kg6 52. Qe6+ Kh7 53. Qf7+ Kh8 54. Bh6 h4 55. Qg7# 1-0

[Event "IOM Open-Masters 2017"]
[Site "Douglas"]
[Date "2017.09.23"]
[Round "1"]
[White "Kavutskiy, Konstantin"]
[Black "Bindrich, Falko"]
[Result "0-1"]
[WhiteElo "2390"]
[BlackElo "2598"]
[Annotator "TA"]
[PlyCount "118"]
[EventDate "2017.??.??"]
[EventType "swiss"]
[EventCountry "GBR"]
[SourceTitle "playchess.com"]
[Source "ChessBase"]
[SourceQuality "1"]

{[%evp 11,118,18,18,12,9,8,10,18,22,19,32,15,20,13,13,0,0,-6,-7,-16,-18,-27,-25,-29,-9,-43,-11,-27,0,-51,-30,-19,0,-20,-22,-50,-19,-13,-19,-66,-54,-77,-93,-72,-74,-85,-83,-79,-70,-325,-318,-320,-262,-295,-295,-350,-297,-305,-241,-299,-297,-289,-186,-191,-201,-201,-199,-194,-202,-177,-127,-339,-339,-336,-320,-319,-248,-235,-218,-252,-246,-202,-216,-1547,-1470,-1335,-1084,-841,-660,-1908,-1473,-2179,-1937,-2692,-2019,-2750,-2330,-4802,-12429,-6717,-5800,-12845,-12844,-12845,-12845,-12845,-12846,-12846,-12847]} 1. d4 Nf6 2. c4 e6 3. Nf3 d5 4. Nc3 a6 5. cxd5 exd5 6. Bf4 {D37: Queen's Gambit Declined: 5 Bf4} (6. Qb3 b5 7. Bg5 Be6 8. Qc2 Nbd7 9. e3 c5 10. dxc5 Bxc5 11. Bd3 h6 12. Bh4 Rc8 13. O-O O-O {½-½ (39) Gelfand,B (2728)-Mamedyarov,S (2800) Geneve 2017}) 6... Bd6 {LiveBook: 14 Games} 7. Be5 c6 8. e3 {The position is equal.} O-O $146 ({Predecessor:} 8... Bg4 9. Qb3 b5 10. a4 b4 11. Na2 a5 12. Bd3 Qe7 13. Bxd6 Qxd6 14. Ne5 O-O 15. Nxg4 Nxg4 16. h3 Nf6 {½-½ (16) Brito Zamora,A-Bedevia Rodriguez,F Cuba 1993}) 9. Bd3 Bg4 10. Qc2 Re8 11. Bxd6 Qxd6 12. Ne5 Be6 13. Na4 Qb4+ 14. Ke2 Nbd7 15. a3 Qd6 16. Nxd7 Bxd7 17. h3 Re7 18. Nc5 Bc8 19. b4 Qf4 20. Rhd1 ({White should play} 20. Kf1 $11 Qd6 21. g4) 20... Kh8 21. Nb3 Nh5 22. g4 Nf6 {Strongly threatening ...Nxg4!} 23. Rf1 Bd7 24. Kd2 Qf3 25. Kc3 Ne4+ ({Not} 25... Qxh3 26. Rh1 $16) 26. Bxe4 dxe4 27. Nc5 b6 28. Nxd7 Rxd7 29. Kb2 c5 30. dxc5 $2 {[%mdl 8192] [#]} (30. Rad1 $15) 30... Rad8 $1 $19 31. Kc1 Qxh3 32. Re1 Qxg4 33. Rb1 Qe6 34. Rb2 Rc8 35. Kb1 Rdc7 36. Rc1 h6 37. Qc4 Qxc4 38. Rxc4 bxc5 {[%mdl 4096] Endgame KRR-KRR} 39. Rbc2 {[%cal Rc4c5]} Kg8 40. Kb2 f5 41. Rxc5 $2 (41. Kb3 $17) 41... Rxc5 42. bxc5 $17 {KR-KR} Kf7 43. Kb3 Ke6 44. Kc4 h5 {[%cal Bh6h5,Bh5h4,Bh4h3][%mdl 32]} 45. Rb2 h4 46. Rb6+ Ke5 47. Rxa6 $2 (47. Rb7) 47... h3 $19 {Black is clearly winning.} 48. Rd6 Rh8 49. Rd1 g5 50. a4 {and the idea Rd5+ leaves White hopeful.} f4 51. exf4+ Kxf4 52. c6 Kf3 53. Kb5 Kxf2 54. c7 Rc8 55. Kb6 e3 {[%cal Be4e3,Be3e2][%mdl 32]} 56. Rd8 {[#]} Rxc7 $1 {[%mdl 512]} 57. Kxc7 e2 58. Rf8+ Kg3 59. Re8 h2 {Precision: White = 38%, Black = 75%.} 0-1

[Event "IOM Open-Masters 2017"]
[Site "Douglas"]
[Date "2017.09.23"]
[Round "1"]
[White "Bellin, Robert"]
[Black "Frank, Tena"]
[Result "1-0"]
[WhiteElo "2344"]
[BlackElo "2002"]
[Annotator "NA"]
[PlyCount "87"]
[EventDate "2017.??.??"]
[EventType "swiss"]
[EventCountry "GBR"]
[SourceTitle "playchess.com"]
[Source "ChessBase"]
[SourceQuality "1"]
[TimeControl "40/6000+30:20/3000+30:900+30"]

1. Nf3 c5 2. c4 Nc6 3. b3 b6 4. Bb2 Bb7 5. e3 e6 6. Be2 Nf6 7. O-O d5 8. cxd5 Nxd5 9. d4 Qc7 10. Nbd2 O-O-O 11. Rc1 Kb8 12. a3 f6 13. dxc5 Bxc5 14. b4 Nxe3 15. fxe3 Bxe3+ 16. Kh1 Qf7 17. Bb5 Nd4 18. Bxd4 Bxd4 19. Qb3 Qh5 20. Bc6 e5 21. Bxb7 Kxb7 22. Nxd4 Rxd4 23. Nf3 Rd7 24. Rfd1 Qf5 25. Rxd7+ Qxd7 26. Rd1 Qc7 27. Qb1 g6 28. Qe4+ Kb8 29. Qd5 Rc8 30. h3 Qc2 31. Qd6+ Kb7 32. Re1 Qf5 33. Qd5+ Kb8 34. Rf1 Rc2 35. Nh2 Qg5 36. Rd1 Rc1 37. Qg8+ Kb7 38. Qxh7+ Rc7 39. Qg8 e4 40. Nf1 e3 41. Qe6 Rc3 42. Re1 Rxa3 43. Nxe3 Rd3 44. Qe4+ 1-0